02493nam a22002177a 450000500170000000800410001702000150005804000070007304100120008008200210009210000290011324500590014226000420020130000310024352018330027465000350210765000400214265000480218270000200223070000250225020220331102912.0220331b ||||| |||| 00| 0 eng d a0471846651 cAL aEnglish 223a338.95bKOTR aPhilip Kotler and others aRepositioning Asia: From Bubble to Sustainable Economy aSingaporebJohn Wiley and Sons c2000 axv,226 p.bHBc23.5x16 cm. aRepositioning Asia From Bubble to Sustainable Economy "Hermawan Kartajaya is to Asian Marketing what Philip Kotler is to Global Marketing. The authors have combined their expertise and insight to write a book that cuts through the confusion and misinformation about Asia to provide an invaluable guide to local and global companies who want to succeed in this key world region. If you can read only two books about Asia, read this book twice." Professor Warren J. Keegan Director, Institute for Global Business Strategy Pace University "I highly recommend Repositioning Asia. It is an engaging, lucid and important contribution to the understanding of the transformation of Asia′s economies and enterprises. The authors′ prescriptions will gain even greater significance in the emerging global cyber–era." Howard V. Perlmutter Emeritus Professor of Social Architecture and Management The Wharton School, University of Pennsylvania "Repositioning Asia is a welcome contribution. Drawing on a wealth of research, it effectively combines strategic marketing expertise with local market knowledge.. For Asian companies and MNCs alike, it highlights winning formulas to underpin sustainability in the future." Dr. Laurie Wood Chairman, The Chartered Institute of Marketing "New Asia will be very different from the New America. Here lies the real value of this book: it offers a real world view of the local dynamics at work to build the New Asia. The insights offered by the authors should allow you to become a partner in the recovery of Asia." Jesper Koll Chief Economist, Merrill Lynch (Japan) "A deep analysis of Asia′s diversified markets from a unique perspetive. This book is a blueprint for Asia 2000 and beyond." Dr. Michio Torii Honorary Advisor, Asia–Pacific Marketing Federation Founder, Suntory Group of Japan a Industrial management -- Asia aAsia -- Economic conditions -- 1945 a Asia -- Economic policy -- Decision making aKOTLER (Philip) aKARTAJAYA (Hermawan)